| 000 | 00617nam a2200253Ia 4500 | ||
|---|---|---|---|
| 008 | 171025s9999 xx 000 0 und d | ||
| 020 | _a1563056372 | ||
| 050 | _a799.1 | ||
| 050 | _bM845 1994 | ||
| 100 | _aMorey, Shaun | ||
| 245 | _aIncredible fishing stories / | ||
| 245 | _cby Shaun Morey ; illustrated by Jared Lee. | ||
| 260 | _aNew York : | ||
| 260 | _bWorkman, | ||
| 260 | _c1994 | ||
| 300 | _a143 pages : | ||
| 300 | _billustrations ; | ||
| 300 | _c20cm. | ||
| 650 | _aRecreation. | ||
| 650 | _aSports & recreation -- | ||
| 650 | _xFishing. | ||
| 700 | _aLee, Jared. | ||
| 700 | _aTitle. | ||
| 999 |
_c344593 _d344593 |
||